Real estate investment forecasts (Record no. 110227)

MARC details
000 -LEADER
fixed length control field 00958cad a22002295a 4500
001 - CONTROL NUMBER
control field E148796
008 - FIXED-LENGTH DATA ELEMENTS--GENERAL INFORMATION
fixed length control field 091111s2009 xxkad f s 000 0 eng d
035 ## - SYSTEM CONTROL NUMBER
System control number (Sirsi) u148796
041 ## - LANGUAGE CODE
Language code of text/sound track or separate title eng
050 04 - LIBRARY OF CONGRESS CALL NUMBER
Classification number 333.33 $2 18
110 2# - MAIN ENTRY--CORPORATE NAME
Corporate name or jurisdiction name as entry element Colliers CRE
9 (RLIN) 5075
245 00 - TITLE STATEMENT
Title Real estate investment forecasts
Remainder of title 3rd quarter 2009
Medium [electronic resource]
260 ## - PUBLICATION, DISTRIBUTION, ETC.
Place of publication, distribution, etc. London
Name of publisher, distributor, etc. Colliers CRE
Date of publication, distribution, etc. 2009
490 #0 - SERIES STATEMENT
Series statement Real Estate Investment Forecasts
Volume/sequential designation Third Quarter 2009
520 ## - SUMMARY, ETC.
Summary, etc. Forecasts all property total returns of -7.3% in 2009. Suggests that activity is still held back by the lack of product and lack of lending. Predicts a slow recover during 2010 and early 2011.
521 ## - TARGET AUDIENCE NOTE
Target audience note Advanced
590 ## - LOCAL NOTE (RLIN)
Local note KA
651 #4 - SUBJECT ADDED ENTRY--GEOGRAPHIC NAME
Geographic name United Kingdom
Chronological subdivision
690 ## - LOCAL SUBJECT ADDED ENTRY--TOPICAL TERM (OCLC, RLIN)
Topical term or geographic name as entry element PROPERTY-COMMERCIAL PROPERTY-COMMERCIAL PROPERTY MARKET
856 40 - ELECTRONIC LOCATION AND ACCESS
Uniform Resource Identifier <a href="https://www.collierscre.com/marketReports/investment.aspx#">https://www.collierscre.com/marketReports/investment.aspx#</a>
Public note View the report free of charge at www.collierscre.com...
942 ## - ADDED ENTRY ELEMENTS (KOHA)
Suppress in OPAC 0
Holdings
Withdrawn status Lost status Source of classification or shelving scheme Damaged status Not for loan Home library Current library Shelving location Date acquired Total Checkouts Full call number Barcode Date last seen Copy number Price effective from Koha item type
    Dewey Decimal Classification     Virtual Virtual Online 11/11/2009   ONLINE PUBLICATION 148796-2001 06/08/2019 1 06/08/2019 Book